[Event "Isola d'Elba op 26th"]
[Site "Isola d'Elba"]
[Date "2008.05.10"]
[Round "3"]
[White "Bartoli, Fabio"]
[Black "Juhasz, Nagy Sandor"]
[Result "0-1"]
[WhiteElo "1869"]
[BlackElo "1938"]
[PlyCount "84"]
[EventDate "2008.05.10"]
[EventType "swiss"]
[EventRounds "9"]
[EventCountry "ITA"]
[SourceTitle "CBM 124 Extra"]
[Source "ChessBase"]
[SourceDate "2008.07.03"]
[SourceVersion "1"]
[SourceVersionDate "2008.07.03"]
[SourceQuality "1"]

1. e4 c6 2. d4 d5 3. e5 Bf5 4. Bd3 Bxd3 5. Qxd3 e6 6. Ne2 Qb6 7. c3 c5 8. 0-0 Nc6 9. b3 cxd4 10. cxd4 Rc8 11. Nbc3 Bb4 12. Na4 Qc7 13. a3 Ba5 14. b4 Bb6 15. Bg5 h6 16. Bh4 a6 17. Rac1 Ba7 18. Kh1 Nge7 19. Nc5 Nf5 20. Bg3 0-0 21. f4 Bxc5 22. Rxc5 b6 23. Rcc1 Qb7 24. Bf2 Na7 25. g4 Ne7 26. f5 Rc4 27. Bh4 Rfc8 28. Qf3 exf5 29. gxf5 Nb5 30. Rxc4 Rxc4 31. Bxe7 Qxe7 32. Qxd5 Rc2 33. Qa8+ Kh7 34. Qe4 Qc7 35. f6+ g6 36. Nf4 Qc4 37. Rg1 Qa2 38. Ng2 Re2 39. Qf4 Qd5 40. h4 Nxd4 41. h5 g5 42. Qg4 Re4 0-1